00273nam a2200097Ia 4500008004100000082000800041100002000049245008500069942000600154999001500160240331s9999 xx 000 0 und d bMAT aUyangoda, J. ed 0aMatters of violence :breflections on social and political violence in Sri Lanka cL c2320d2320